[Event "Toronto Howard Ridout Swiss U1700"]
[Site "Toronto"]
[Date "2007.10.25"]
[Round "7"]
[White "Wu, Kevin"]
[Black "Tursman, Richard"]
[Result "1-0"]
[WhiteElo "1481"]
[BlackElo "1544"]
[PlyCount "49"]
[EventDate "2007.09.13"]
[EventType "swiss"]
[EventRounds "7"]
[EventCountry "CAN"]
[SourceTitle "EXT 2022"]
[Source "ChessBase"]
[SourceDate "2021.10.06"]
[SourceVersion "1"]
[SourceVersionDate "2021.10.06"]
[SourceQuality "1"]

1. e4 d5 2. exd5 Nf6 3. Bc4 Nxd5 4. Ne2 Bf5 5. Ng3 Bg6 6. a3 e6 7. 0-0 c6 8. d3 Bd6 9. Qf3 Qc7 10. Bxd5 cxd5 11. Nc3 a6 12. h4 h5 13. Re1 Be7 14. Bf4 Qd7 15. Be5 f6 16. Bxb8 Rxb8 17. Re2 Bf7 18. Rae1 g6 19. Nxd5 0-0 20. Nxf6+ Bxf6 21. Qxf6 Rbe8 22. Qg5 Kg7 23. Nxh5+ Kh7 24. Nf6+ Kg7 25. Nxd7 1-0

[Event "Scarborough CC-ch reserves"]
[Site "Toronto"]
[Date "2007.01.04"]
[Round "1"]
[White "Verde, Pino"]
[Black "Tursman, Richard"]
[Result "1-0"]
[WhiteElo "1888"]
[BlackElo "1586"]
[PlyCount "67"]
[EventDate "2007.01.04"]
[EventType "swiss"]
[EventRounds "9"]
[EventCountry "CAN"]
[SourceTitle "EXT 2022"]
[Source "ChessBase"]
[SourceDate "2021.10.06"]
[SourceVersion "1"]
[SourceVersionDate "2021.10.06"]
[SourceQuality "1"]

1. e4 d5 2. e5 c5 3. c3 Nc6 4. Bb5 Bf5 5. Qa4 Qc7 6. d4 e6 7. g4 Bg6 8. h4 h6 9. Na3 Be7 10. Nf3 Be4 11. Be2 a6 12. Rh3 f6 13. Bf4 Qc8 14. Nd2 b5 15. Qd1 cxd4 16. cxd4 Nxd4 17. Rc3 Qd7 18. Rac1 Bd8 19. Nxe4 dxe4 20. b4 Bb6 21. Nc2 Ne7 22. Nxd4 Bxd4 23. Rc7 Qd5 24. exf6 gxf6 25. Qc2 Kf7 26. Rxe7+ Kxe7 27. Qc7+ Ke8 28. Bd6 Rh7 29. Qxh7 Qxd6 30. Qg8+ Qf8 31. Qxe6+ Qe7 32. Qc6+ Kf7 33. Qxa8 Qxb4+ 34. Kf1 1-0